Southville International School and Colleges
Your cart is empty.
  • Cart
  • Lists
    Public lists Eva Luna New books Lux_list list_1
    Your lists Log in to create your own lists
  • Log in to your account
  • Your cookies
  • Search history
Southville International School and Colleges
  • Advanced search
  • Recent comments
  • Most popular
  • Libraries

Log in to your account

Log in with GOOGLE


If you do not have an external account, but do have a local account, you can still log in:

  1. Home
  2. MARC view: Kalinangan 10:
Normal view MARC view ISBD view

Kalinangan 10: (Record no. 361944)

[ view plain ]
MARC details
000 -LEADER
fixed length control field 00466nam a2200145Ia 4500
008 - FIXED-LENGTH DATA ELEMENTS--GENERAL INFORMATION
fixed length control field 190710s9999 xx 000 0 und d
020 ## - INTERNATIONAL STANDARD BOOK NUMBER
International Standard Book Number 9789712396182
100 ## - MAIN ENTRY--PERSONAL NAME
Personal name Bucu, Amelia V.
245 ## - TITLE STATEMENT
Statement of responsibility, etc Amelia V. Bucu
Title Kalinangan 10:
Remainder of title batayan at sanayang aklat sa wika at panitikan/
250 ## - EDITION STATEMENT
Edition statement 3rd. ed.
260 ## - PUBLICATION, DISTRIBUTION, ETC. (IMPRINT)
Place of publication, distribution, etc Manila:
Name of publisher, distributor, etc REX Bookstore
Date of publication, distribution, etc 2019
300 ## - PHYSICAL DESCRIPTION
Extent xii, 445 p. ;
Other physical details ill. :
Dimensions 250 cm.
650 ## - SUBJECT ADDED ENTRY--TOPICAL TERM
Topical term or geographic name as entry element Filipino language -- grammar
650 ## - SUBJECT ADDED ENTRY--TOPICAL TERM
Topical term or geographic name as entry element Filipino literature
Holdings
Withdrawn status Lost status Damaged status Home library Current library Shelving location Date acquired Source of acquisition Total Checkouts Full call number Barcode Date last seen Price effective from Koha item type
      Luxembourg Library Luxembourg Library Teachers Reference Section 07/10/2019 Library Fund   PL 6164 .B926 2019 20714 07/10/2019 07/10/2019 Books

Kalinangan 10:

APA

Bucu A. V., . (2019). Kalinangan 10. Manila: REX Bookstore.

Chicago

Bucu Amelia V, . 2019. Kalinangan 10. Manila: REX Bookstore.

Harvard

Bucu A. V., . (2019). Kalinangan 10. Manila: REX Bookstore.

MLA

Bucu Amelia V, . Kalinangan 10. Manila: REX Bookstore. 2019.

  • Place hold
  • Print
  • Cite
  • Add to your cart (remove)
  • Save record
    BIBTEX Dublin Core MARCXML MARC (non-Unicode/MARC-8) MARC (Unicode/UTF-8) MARC (Unicode/UTF-8, Standard) MODS (XML) RIS
  • More searches
    Search for this title in:
    Other Libraries (WorldCat) Other Databases (Google Scholar) Online Stores (Bookfinder.com) Open Library (openlibrary.org)

Exporting to Dublin Core...

SOUTHVILLE LIBRARY

Southville International School and Colleges Library

1281 Tropical Ave. Cor. Luxembourg St., BF Homes International, Las Pinas City

Tel. No. 8256374 / 252358 Loc. 117/146

Powered by Koha